000 00588nam a2200205 a 4500
008 960123s1964||||[C 0 slo c
040 _aSNK
_bslo
_cSNK
_eAACR2
041 1 _aslo
044 _axo
_cSK
100 1 _aAl'tov, G.
_4aut
245 1 0 _aLegendy o hviezdnych kapitánoch
_cG. Alďtov ; Prel. Ivan Králik ; Ilustr. B. Votavová
250 _a1. vyd.
260 _aBratislava
_bSmena
_c1964
_eŽilina
_fPravda
300 _a139, [3] s.
_c
490 0 _aPionierskymi stupňami
700 1 _aKrálik, Ivan
_4trl
700 1 _aVotavová, B.
_4ill
020 _c12,50
958 _aA
999 _c15533
_d15533